1394 1574 1678 1924 1200 1861 1638 1703 1975 1529 1596 1744 1774 1624 1662 1698 1428 1183 1442 1575 1488 1551 1295 1362 1501 1554 1623 1291 1150 1662 1251 1868 1632 1784 1157 1715 1794 1771 1521 1359 1024 1119 1211 1043 1326 1173 1064 1256 1091 1769 1400 1894 1750 1283 1797 1292 1555 1468 1822 1127 1216 1726 1341 1977 1022 1681 1229 1616 1238 1249 1541 1856 1954 1863 1836 1924 1289 1332 1631 1062 1053 1076 1318 1261 1592 1592 1053 1229 1772 1783 1081 1660 1355 1001 1300 1640 1808 1635 1409 BCNSPRNW ULIB Ver.6.0+V

เปลี่ยนเป็นภาษาไทย

Change to English
 แสดงรายละเอียดบรรณานุกรม
  กลับหน้าหลัก

Brief Record : Get Marc (ISO 2709) : E-mail record : QR code < ปิดหน้าต่าง
LEADER : 00000nam 2200000uu 4500
001    13399128039
003     ULIB
008    220119s||||||||th 000 0 tha d
020    ^a9786164492349
050  0 ^aPE420^bอ772ป
100    ^aอีคีแทก สถาบันวิจัย MOZILGE
245    ^aประลองโจทย์ข้อสอบจริง TOEIC 1000 ข้อ RC (Reading
260    ^aกรุงเทพฯ :^bอินส์พัลธิงค์ บียอนด์ บุ๊คส์,^c2563
300    ^a316 หน้า;^b29 ซม.
650    ^aภาษาอังกฤษ - ข้อสอบและเฉลย
945    ^p300^l0^i29184
999    ^aกัณชพร จุลอักษร
รายการนี้ยังไม่มีแท็ก
คุณยังไม่ได้ล็อกอิน คุณสามารถมีกิจกรรมร่วมกับเว็บไซต์ได้ แต่ต้องล็อกอินก่อน ::
  ล็อกอิน

รายการสื่อสารสนเทศ

ลำดับที่ ประเภท เลขเรียก/บาร์โค้ด สถานที่ สถานะ
1. วิทยาศาสตร์การแพทย์ และสุขภาพ
วิทยาศาสตร์การแพทย์ และสุขภาพ
PE420 อ772ป ฉ.1 
  Barcode: 29184
ห้องสมุดวิทยาเขตนครสวรรค์
►หนังสือทั่วไป:l:General Books
บนชั้น

รายการใกล้เคียง
    ชื่อเรื่อง [ประลองโจทย์ข้อสอบจริง TOEIC 1000 ข้อ RC (Reading]

    ผู้แต่ง [อีคีแทก สถาบันวิจัย MOZILGE]

    หัวเรื่อง [ภาษาอังกฤษ - ข้อสอบและเฉลย]

BibComment


ยังไม่เคยถูกคอมเมนท์

คอมเมนท์ทรัพยากรรายการนี้
  คอมเมนท์: ประลองโจทย์ข้อสอ..


 Copyright 2026. Bcnsprnw @Library